Software Configuration Management Handbook /

La administración de la configuración es el arte de identificar, organizar y controlar las modificaciones en un software que está siendo diseñado por un equipo de programadores, con el objetivo de maximizar la productividad al minimizar la cantidad de errores. En esta obra se ofrecen los fundamentos...

Descripción completa

Guardado en:
Detalles Bibliográficos
Autor principal: Leon, Alexis (autor)
Formato: Libro
Idioma:Inglés
Publicado: Boston, EUA : Artech House, 2005, c2005
Edición:2a edición
Colección:(Artech House Software Engineering Library)
(Artech House Computing Library)
Temas:
Etiquetas: Agrega una etiqueta
Sin etiquetas, Sé el primero en etiquetar este registro!

MARC

LEADER 00000nam^a2200000^a^4500
001 000182497
005 20250521000000.0
009 20260310102010.554
020 |a 1-58053-882-7 
037 |a Acervo ITESO - Biblioteca 
041 |a ING 
082 |a 005. 1068  |b LEO 
100 |a Leon, Alexis  |e (autor) 
240 1 3 |a [A Guide to Software Configuration Management] 
245 1 0 |a Software Configuration Management Handbook /  |c A. Leon. 
250 |a 2a edición 
264 4 |a Boston, EUA :  |b Artech House,  |c 2005, c2005 
300 |a XXIII, 383 p. 
336 |a texto  |b txt  |2 rdacontenido 
337 |a sin mediación  |b n  |2 rdamedio 
338 |a volumen  |b nc  |2 rdasoporte 
440 1 |a (Artech House Software Engineering Library) 
440 1 |a (Artech House Computing Library) 
520 |a La administración de la configuración es el arte de identificar, organizar y controlar las modificaciones en un software que está siendo diseñado por un equipo de programadores, con el objetivo de maximizar la productividad al minimizar la cantidad de errores. En esta obra se ofrecen los fundamentos de la administración de la configuración de software, como guía para que cada administrador un proyecto lo ajuste a las necesidades de su equipo de trabajo. 
649 |a XX 
650 |a Paquetes (Software) 
650 |a Productividad 
650 |a Diseño del Producto 
650 |a Calidad del Producto 
650 |a Control de Procesos 
650 |a Control de Calidad 
650 |a Proceso de Producción 
650 |a Administración de Proyectos 
650 |a Administración del Producto 
650 |a Ingeniería de Procesos 
650 |a Programación (Software) 
650 |a Desarrollo de Sistemas 
650 |a Sistemas Computacionales 
650 |a Ingeniería de Software 
650 |a Ingeniería Industrial 
650 |a Ingeniería Computacional 
910 |a Fondo General 
920 |a Impresos - Libros 
930 |a Colección General 
905 |a 101 
901 |a 0500122141  |b IT1  |c ACC  |u 20250521 
902 |a https://opac.biblio.iteso.mx/vufind/Record/000182497